| 000 | 00633nam a22002052 4500 | ||
|---|---|---|---|
| 001 | 0000013022 | ||
| 005 | 20151217145859.0 | ||
| 008 | 090520s xx 000 0 eng d | ||
| 020 | _a8131721018 : | ||
| 040 |
_aKABU _cKABU |
||
| 245 | 1 | 0 |
_aCompilers : _bprinceples, techniques, & tools / _cAlfrd V. Aho ... [et al.]. |
| 250 | _a2nd ed. | ||
| 260 |
_aNew Delhi : _bPearson Education, _c2007. |
||
| 300 | _axxiv, 1009 p. | ||
| 650 | 0 |
_aCompilers (Computer programs) _@0000170077 |
|
| 700 | 1 |
_aAho, Alfred V. _@0000148420 |
|
| 852 | 1 | _9p4675 KEs | |
| 908 | _a090520 | ||
| 950 | _@1 | ||
| 999 |
_c3651 _d3651 |
||